The Gardener's Year / (Record no. 36585)

MARC details
000 -LEADER
fixed length control field 00336nam a22001457a 4500
005 - DATE AND TIME OF LATEST TRANSACTION
control field 20240924154403.0
008 - FIXED-LENGTH DATA ELEMENTS--GENERAL INFORMATION
fixed length control field 240924b |||||||| |||| 00| 0 eng d
082 ## - DEWEY DECIMAL CLASSIFICATION NUMBER
Classification number 635.04
Item number LAW-T
100 ## - MAIN ENTRY--AUTHOR
Author Name Lawson Andrew
245 ## - TITLE STATEMENT
Title The Gardener's Year /
260 ## - PUBLICATION, DISTRIBUTION, ETC.
Place of Publication india
Name of publisher, distributor, etc. person
Date of publication, distribution, etc. 1997
650 ## - SUBJECT ADDED ENTRY--TOPICAL TERM
Subject / Department Agriculture
952 ## - LOCATION AND ITEM INFORMATION (KOHA)
-- 0
-- 0
Holdings
Lost status Damaged status Collection code Permanent Location Current Location Shelving Location Date acquired Full Call Number Accession No./Barcode Date last seen item type Koha item type
    Agriculture and Veterinary Superior Information Resource Center (SIRC) Superior University- Main Campus Superior Information Resource Center (SIRC) Superior University- Main Campus Agriculture 09/24/2024 635.04 LAW-T 1997 29420 09/24/2024 BOOK BOOK

Powered by Koha